[Event "Capablanca mem-B"]
[Site "Cienfuegos"]
[Date "1985.??.??"]
[Round "2"]
[White "Huerta, Ramon"]
[Black "Garcia Gonzales, Guillermo"]
[Result "1/2-1/2"]
[WhiteElo "2440"]
[BlackElo "2440"]

1.d4 Nf6 2.Bg5 Ne4 3.Bf4 d5 4.f3 Nd6 5.Nc3 Nf5 6.Qd2 Nc6 7.O-O-O e6 8.e4 dxe4
9.d5 e3 10.Qe1 exd5 11.Nxd5 Bd6 12.Bxd6 cxd6 13.g4 Nfe7 14.Qxe3 O-O 15.Nxe7+ Nxe7
16.Bc4 Qc7 17.Qc3 d5 18.Bb3 Qxc3 19.bxc3 a5 20.a3 Be6 21.Ne2 Rfc8 22.Kb2 a4
23.Ba2 Ra6 24.Ka1 h5 25.h3 Rc5 26.Rb1 Bc8 27.Rhd1 hxg4 28.hxg4 Rh6 29.Rd3 Kh7
30.Nf4 Rh2 31.Nxd5 Nxd5 32.Bxd5 f5 33.Bxb7 Rxc2 34.Bxc8 Rxc8 35.gxf5 R8xc3
36.Rbd1 Rc1+ 37.Rxc1 Rxd3 38.Kb2 Rb3+ 39.Ka2 Rxf3 40.Rh1+ Kg8 41.Rh4 Rf2+
42.Kb1 Rxf5 43.Rxa4 g5  1/2-1/2

[Event "Nordic-ch"]
[Site "Gjovik"]
[Date "1985.??.??"]
[Round "?"]
[White "Schussler, Harry"]
[Black "Ost Hansen, Jacob"]
[Result "1-0"]
[WhiteElo "2465"]
[BlackElo "2420"]

1.d4 Nf6 2.Bg5 Ne4 3.Bf4 d5 4.Nd2 Nxd2 5.Qxd2 Bf5 6.e3 e6 7.Nf3 Bd6 8.Bg3 O-O
9.c4 c6 10.Be2 Re8 11.O-O Bxg3 12.hxg3 Nd7 13.b4 dxc4 14.Bxc4 e5 15.Qb2 e4
16.Nd2 Qg5 17.b5 c5 18.dxc5 Nxc5 19.Rfc1 b6 20.Nb3 Rac8 21.Qa3 Nd7 22.Be2 Ne5
23.Nd4 Bg4 24.Rxc8 Rxc8 25.Rc1 Rxc1+ 26.Qxc1 h5 27.Qc7 Bxe2 28.Nxe2 Ng4 29.Nd4 Qf6
30.Qc8+ Kh7 31.Qf5+ Qxf5 32.Nxf5 Kg6 33.Nd6 Kf6 34.Nc8 Ke5 35.Nxa7  1-0

[Event "Hastings8586"]
[Site "Hastings"]
[Date "1985.??.??"]
[Round "6"]
[White "Bellon Lopez, Juan Manuel"]
[Black "Hjartarson, Johann"]
[Result "1/2-1/2"]
[WhiteElo "2445"]
[BlackElo "2530"]

1.d4 Nf6 2.Bg5 Ne4 3.Bh4 c5 4.f3 g5 5.fxe4 gxh4 6.e3 Bh6 7.Kf2 cxd4 8.exd4 d5
9.exd5 Qxd5 10.Nf3 Nc6 11.Nc3 Qa5 12.Bb5 Bd7 13.Re1 O-O-O 14.Ne5 Qb6 15.Bxc6 Bxc6
16.Nxc6 Qxc6 17.Qg4+ e6 18.Rad1 Rhg8 19.Qe4 Qb6 20.Na4 Qc7 21.Kg1 h3 22.g3 Kb8
23.Re2 Bg7 24.Rd3 Qc4 25.Qf4+ Qc7 26.Qxc7+ Kxc7 27.c3 b6 28.Rf3 Rd7 29.b3 h5
30.Re4 Bf8 31.Nb2 Rg4 32.Ree3 Bh6 33.Re5 h4 34.Nd3 Bd2 35.Nf2 Rg7 36.Ne4 Bc1
37.Nf6 Rd8 38.Re1 Bg5 39.Nh5 Rh7 40.Nf6 Bxf6 41.Rxf6 Rg8 42.Ref1 Rgg7 43.R1f3 hxg3
44.Rxg3 Rxg3+ 45.hxg3 h2+ 46.Kh1 Kd6 47.c4 a5 48.Rf1 f5 49.d5 exd5 50.Rd1 Rh3
51.Rxd5+ Kc6 52.Rxf5 Rxg3 53.Kxh2 Rc3  1/2-1/2

[Event "Hastings8586"]
[Site "Hastings"]
[Date "1985.??.??"]
[Round "8"]
[White "Bellon Lopez, Juan Manuel"]
[Black "Watson, William N"]
[Result "0-1"]
[WhiteElo "2445"]
[BlackElo "2460"]

1.d4 Nf6 2.Bg5 Ne4 3.Bh4 c5 4.f3 g5 5.fxe4 gxh4 6.e3 Bh6 7.Kf2 cxd4 8.exd4 Qb6
9.Nc3 e6 10.Nf3 Nc6 11.Nb5 O-O 12.c4 d6 13.b4 Qd8 14.Rb1 e5 15.d5 Nxb4 16.Rxb4 Qb6+
17.Ke1 a6 18.Qb3 axb5 19.Rxb5 Qa7 20.Be2 f5 21.exf5 Bxf5 22.Rf1 Qxa2 23.Qxa2 Rxa2
24.c5 Be3 25.Nxh4 Ra1+ 26.Bd1 Bg4 27.Nf3 e4 28.Rb4 Rf4 29.cxd6 exf3 30.Rxf4 f2+  0-1

[Event "Jurmala"]
[Site "Jurmala"]
[Date "1985.??.??"]
[Round "11"]
[White "Gurevich, Mikhail"]
[Black "Yap, Andronico"]
[Result "1-0"]
[WhiteElo "2500"]
[BlackElo "2400"]

1.d4 Nf6 2.Bg5 Ne4 3.Bf4 c5 4.f3 Nf6 5.dxc5 Na6 6.e4 Nxc5 7.Nc3 d6 8.Qd2 Ne6
9.Be3 g6 10.g4 Bg7 11.g5 Nh5 12.Nge2 Qa5 13.a3 Bd7 14.Ra2 f5 15.Nd5 Qxd2+
16.Kxd2 fxe4 17.fxe4 Rc8 18.Bg2 Rf8 19.c3 Be5 20.Raa1 Nc5 21.Raf1 Rxf1 22.Rxf1 Bb5
23.Rh1 b6 24.Ng3 Ng7 25.Bh3 e6 26.Bf4 Bxf4+ 27.Nxf4 Ke7 28.Ke3 Rf8 29.Bg4 Nd7
30.b3 Ne5 31.Bd1 Bc6 32.Be2 Nd7 33.b4 e5 34.Nd5+ Bxd5 35.exd5 Nf5+ 36.Nxf5+ gxf5
37.h4 Rg8 38.Rf1 f4+ 39.Ke4 h6 40.Rg1 hxg5 41.hxg5 Rh8 42.Bg4 Nf8 43.Bf5 Kf7
44.c4 Rh2 45.c5 Re2+ 46.Kf3 Re3+ 47.Kg4 dxc5 48.bxc5 Rxa3 49.c6 Rc3 50.Rd1 f3
51.d6 Rxc6 52.d7 Rc4+ 53.Kxf3 Nxd7 54.Rxd7+ Ke8 55.Kg3 Rc3+ 56.Kg2 Rc2+ 57.Bxc2 Kxd7
58.Kf3 Ke6 59.Ke4 Kf7 60.Kxe5 b5 61.Kf5 a5 62.Bd3 b4 63.Bc2 Kg7 64.g6 a4
65.Bxa4 Kh8 66.Kf6 b3 67.g7+  1-0

[Event "Lloyds Bank op"]
[Site "London"]
[Date "1985.??.??"]
[Round "?"]
[White "Hodgson, Julian M"]
[Black "Kuzmin, Gennadi P"]
[Result "1-0"]
[WhiteElo "2445"]
[BlackElo "2500"]

1.d4 Nf6 2.Bg5 Ne4 3.Bh4 d5 4.Nf3 c6 5.Nbd2 Qb6 6.Rb1 Nxd2 7.Qxd2 Bf5 8.b4 Qa6
9.Rb2 b5 10.e3 Qa3 11.c3 f6 12.Rb3 Qa6 13.Qb2 Nd7 14.Nd2 Nb6 15.Ra3 Qc8 16.Nb3 e6
17.Bg3 Na4 18.Qc1 Be7 19.Be2 O-O 20.O-O Qe8 21.Na5 Qd7 22.Qd2 Nb6 23.f3 Rfe8
24.Re1 Bf8 25.Bf1 Bg6 26.Rd1 Rad8 27.Nb3 e5 28.Nc5 Qf7 29.Ra6 e4 30.a4 exf3
31.gxf3 Bh5 32.axb5 Bxf3 33.Rda1 cxb5 34.Rxa7 Qg6 35.Qf2 Qg4 36.Bxb5 Nc4
37.Bxe8 Rxe8 38.Ra8 Rxe3 39.Re1 Be2 40.Qf4 Qh3 41.Qb8 h5 42.Nd7 Qxd7 43.Qxf8+ Kh7
44.Qc8 Qe7 45.Qf5+ g6 46.Qf4 Nd2 47.Qb8 Kh6  1-0

[Event "Lloyds Bank op"]
[Site "London"]
[Date "1985.??.??"]
[Round "?"]
[White "Hodgson, Julian M"]
[Black "McKay, Roderick M"]
[Result "1-0"]
[WhiteElo "2445"]
[BlackElo "2385"]

1.d4 Nf6 2.Bg5 Ne4 3.Bh4 d5 4.Nd2 c5 5.dxc5 Qa5 6.Nf3 Nc6 7.e3 e6 8.Be2 Bxc5
9.O-O Nxd2 10.Nxd2 Be7 11.Bxe7 Nxe7 12.c4 O-O 13.Bf3 Rd8 14.cxd5 Nxd5 15.Nc4 Qb5
16.Qd4 Bd7 17.Rfd1 Be8 18.Rac1 Rd7 19.Ne5 Rdd8 20.Rc5 Qa6 21.e4 Nf6 22.Qxd8 Rxd8
23.Rxd8 Qxa2 24.Ng4 Qb1+ 25.Rd1 Qxb2 26.Rc8 Kf8 27.Nxf6 gxf6 28.g3 f5 29.exf5 Ke7
30.fxe6 fxe6 31.Rc7+ Kf6 32.Rxb7 Qc3 33.Bg2 Bh5 34.Rdb1 Bg6 35.R7b3 Qd2 36.Rf3+ Ke7
37.Ra1 a6 38.Rfa3 Bd3 39.Bf1 Bb5 40.Bxb5 axb5 41.Rb3 h5 42.h4 Qe2 43.Rab1 Kf6
44.Rxb5 e5 45.R5b3 Qc2 46.Rf3+ Ke6 47.Re1 Qd2 48.Rfe3 Kf5 49.Rxe5+ Kg4 50.Kg2 Qd5+
51.R1e4+  1-0

[Event "Lloyds Bank op"]
[Site "London"]
[Date "1985.??.??"]
[Round "?"]
[White "Hodgson, Julian M"]
[Black "Smart, Leslie"]
[Result "1-0"]
[WhiteElo "2445"]
[BlackElo "2210"]

1.d4 Nf6 2.Bg5 Ne4 3.Bh4 c5 4.f3 Nf6 5.d5 Qb6 6.e4 e6 7.c4 exd5 8.cxd5 Be7
9.Bg3 Nh5 10.Bf2 Qxb2 11.Nd2 Bg5 12.Rc1 Bxd2+ 13.Qxd2 Qxd2+ 14.Kxd2 b6 15.Ne2 Ba6
16.Nc3 Bxf1 17.Rhxf1 d6 18.g4 Nf6 19.Bg3 Kd7 20.a4 Na6 21.Nb5 Ne8 22.Ra1 Nac7
23.Na3 h5 24.g5 Rb8 25.Nc4 a6 26.Rfb1 b5 27.axb5 axb5 28.Ra7 h4 29.Bf4 f6
30.gxf6 gxf6 31.Ke2 Rg8 32.Kf2 h3 33.Bg3 b4 34.Rb3 Rg6 35.f4 Rh6 36.e5 fxe5
37.fxe5 dxe5 38.Rf3 Ra8 39.Rf7+ Kc8 40.Rxa8+ Nxa8 41.Bxe5 Rh4 42.Bf4 Rg4
43.d6 Rg2+ 44.Kf3 Kd8 45.Ra7 b3 46.Rxa8+ Kd7 47.Nb6+ Kc6 48.d7  1-0

[Event "DEN-ch"]
[Site "Naestved"]
[Date "1985.??.??"]
[Round "?"]
[White "Fries Nielsen, Jens Ove"]
[Black "Hartung Nielsen, Jens"]
[Result "1-0"]
[WhiteElo "2390"]
[BlackElo "2245"]

1.d4 Nf6 2.Bg5 Ne4 3.Bf4 d5 4.Nd2 Bf5 5.e3 e6 6.Ngf3 Bd6 7.Be2 Nd7 8.O-O O-O
9.Bxd6 cxd6 10.c3 h6 11.Nxe4 Bxe4 12.Nd2 Bg6 13.a4 a5 14.Bb5 Nb6 15.Qe2 Qe7
16.f4 f5 17.Bd3 Be8 18.Bc2 Bc6 19.g4 g6 20.h3 Kh7 21.Kh2 Rg8 22.Rg1 Bd7 23.Nf3 Rg7
24.Rg3 Kg8 25.Rag1 Kf7 26.Qg2 Rag8 27.b3 Kf8 28.Qd2 Bc6 29.Bd3 Nd7 30.g5 h5
31.c4 dxc4 32.bxc4 Bxf3 33.Rxf3 b6 34.e4 Rf7 35.exf5 exf5 36.Re3 Qd8 37.c5 d5
38.Rc1 bxc5 39.dxc5 Qc7 40.c6 Nb6 41.Re5 Kg7 42.Bb5 Rd8 43.Qd4 Kh7 44.Rce1 Rg7
45.Kg3 Nc8 46.Rxd5 Rxd5 47.Qxd5 Nd6 48.Bd3 Re7 49.Re5 Nf7 50.Rxe7 Qxe7 51.Kf3 Nd6
52.Qxa5 Nc8 53.Qe5 Qd8 54.Ke2 Qb6 55.Bb5 Qa7 56.h4 Qa5 57.Qe6 Qb4 58.Qxc8 Qe4+
59.Kd2 Qd4+ 60.Kc2 Qc5+ 61.Kb3 Qe3+ 62.Kb4 Qd2+ 63.Kc5 Qe3+ 64.Kd6 Qa3+ 65.Kc7 Qf8
66.Qd7+  1-0

[Event "Nordic-chT"]
[Site "Pohja"]
[Date "1985.??.??"]
[Round "?"]
[White "Nykopp, Jan Michael F"]
[Black "Renman, Nils Gustaf"]
[Result "0-1"]
[WhiteElo "2250"]
[BlackElo "2440"]

1.d4 Nf6 2.Bg5 Ne4 3.h4 c5 4.d5 Qb6 5.Bc1 e6 6.Nf3 Be7 7.Ng5 Nf6 8.Nc3 h6
9.Nf3 exd5 10.Nxd5 Nxd5 11.Qxd5 Nc6 12.c3 d6 13.g3 Be6 14.Qd3 d5 15.Bg2 Rd8
16.O-O O-O 17.Bf4 Bf6 18.Qc2 d4 19.Nd2 Rfe8 20.Ne4 Be7 21.Bc1 Kh8 22.Nd2 Rd7
23.c4 Bd6 24.Nf3 Nb4 25.Qe4 Rde7 26.a3 Bxc4 27.Qg4 Nd5 28.Qf5 Bb8 29.b4 cxb4
30.Nd2 g6 31.Qb1 Qc7 32.Nxc4 Qxc4 33.Bxd5 Qxd5 34.Qd3 Rxe2 35.Bxh6 b3 36.Rab1 Kh7
37.Bg5 b2 38.Bf6 R8e4 39.a4 Qf5 40.Bxd4 Qd5 41.Rfd1 Be5  0-1

[Event "Prague zt"]
[Site "Prague"]
[Date "1985.??.??"]
[Round "11"]
[White "Ermenkov, Evgenij"]
[Black "Stempin, Pawel"]
[Result "1/2-1/2"]
[WhiteElo "2515"]
[BlackElo "2390"]

1.d4 Nf6 2.Bg5 Ne4 3.Bf4 d5 4.Nd2 Bf5 5.e3 e6 6.Ngf3 Nd7 7.Be2 Be7 8.Nxe4 Bxe4
9.O-O O-O 10.c4 c6 11.Nd2 Bg6 12.Qb3 Qb6 13.c5 Qxb3 14.axb3 e5 15.dxe5 Nxc5
16.Bg3 Bd3 17.Rfe1 Bxe2 18.Rxe2 Rfd8 19.f4 d4 20.Bf2 dxe3 21.Bxe3 Rd3 22.Kf2 a6
23.b4 Ne6 24.Ra3 Rad8 25.f5 Rxe3 26.Raxe3 Nf4 27.Re4 Nxe2 28.Kxe2 Rd5 29.g4 Kf8
30.Nf3 Rb5 31.e6 Rxb4 32.Rxb4 Bxb4 33.Ng5 fxe6 34.Nxe6+ Kf7 35.Nd8+ Kf6 36.Nxb7 a5
37.b3 Kg5 38.Kf3 g6 39.h4+ Kxh4 40.f6 Kg5 41.f7 Kf6 42.Nxa5 Kxf7 43.Nxc6 Bd6
44.b4 Kf6 45.b5 Bc7 46.Ke4 h5 47.Nb4 Kg5 48.Nd5 Ba5 49.gxh5 gxh5 50.b6 Bxb6
51.Nf6 h4 52.Kf3 h3 53.Kg3 h2 54.Ne4+ Kf5 55.Kg2 Kxe4 56.Kxh2  1/2-1/2

[Event "Tallinn"]
[Site "Tallinn"]
[Date "1985.??.??"]
[Round "?"]
[White "Kochyev, Alexander"]
[Black "Pribyl, Josef"]
[Result "1/2-1/2"]
[WhiteElo "2465"]
[BlackElo "2405"]

1.d4 Nf6 2.Bg5 Ne4 3.Bh4 c5 4.Nd2 Qa5 5.d5 Nxd2 6.Qxd2 Qxd2+ 7.Kxd2 e5 8.dxe6 dxe6
9.c3 Be7 10.Bg3 O-O 11.Kc2 Bd7 12.Nf3 Rd8 13.Ne5 Ba4+ 14.b3 Be8 15.e4 Nc6  1/2-1/2

[Event "Hoogovens-B"]
[Site "Wijk aan Zee"]
[Date "1985.??.??"]
[Round "2"]
[White "Piket, Jeroen"]
[Black "Sowray, Peter J"]
[Result "1-0"]
[WhiteElo "2380"]
[BlackElo "2330"]

1.d4 Nf6 2.Bg5 Ne4 3.Bf4 c5 4.d5 Qa5+ 5.c3 g6 6.f3 Nf6 7.e4 d6 8.Nd2 Bg7
9.Nc4 Qd8 10.a4 O-O 11.Qd2 b6 12.Bd3 Ba6 13.Ne2 Bxc4 14.Bxc4 Nbd7 15.O-O Ne8
16.Bh6 Ne5 17.Bb3 a6 18.Bxg7 Nxg7 19.f4 Nd7 20.Rae1 b5 21.axb5 axb5 22.Rf3 f5
23.exf5 Nxf5 24.Rh3 Nf6 25.Bc2 Qd7 26.Ng3 Ng7 27.f5 Ra2 28.Bb1 Ra1 29.fxg6 h5
30.Qh6 Qg4 31.Rf1 Qc4 32.Qh7+  1-0

[Event "Hoogovens-B"]
[Site "Wijk aan Zee"]
[Date "1985.??.??"]
[Round "11"]
[White "Piket, Jeroen"]
[Black "Portisch, Ferenc"]
[Result "0-1"]
[WhiteElo "2380"]
[BlackElo "2405"]

1.d4 Nf6 2.Bg5 Ne4 3.Bf4 d5 4.Nd2 Nxd2 5.Qxd2 e6 6.Nf3 c5 7.e3 Nc6 8.c3 Bd6
9.Bg3 Be7 10.Bd3 b6 11.O-O Bb7 12.Rad1 O-O 13.Rfe1 a5 14.Qc2 h6 15.dxc5 Bxc5
16.e4 dxe4 17.Bxe4 Qe7 18.Qa4 Nb8 19.Bb1 Bxf3 20.gxf3 Ra7 21.a3 Qb7 22.b4 axb4
23.Qc2 g6 24.axb4 Be7 25.Rxe6 Bg5 26.Be5 f6 27.Qxg6+ Qg7 28.Bg3 Qxg6 29.Bxg6 Rg7
30.Bf5 Nd7 31.f4  0-1

[Event "Aarhus-C"]
[Site "Aarhus"]
[Date "1986.??.??"]
[Round "1"]
[White "Rewitz, Poul"]
[Black "Jensen, Vagn"]
[Result "0-1"]
[WhiteElo "2295"]
[BlackElo "2215"]

1.d4 Nf6 2.Bg5 Ne4 3.Bh4 c5 4.f3 Qa5+ 5.c3 Nf6 6.d5 d6 7.Nd2 Nbd7 8.e4 g6
9.Nc4 Qc7 10.a4 Bg7 11.Bd3 O-O 12.Ne2 Nb6 13.O-O e6 14.a5 Nxc4 15.Bxc4 exd5
16.Bxd5 Nxd5 17.Qxd5 Be6 18.Qd2 Bc4 19.Rfd1 f5 20.exf5 Rxf5 21.Ng3 Re5 22.Re1 Rae8
23.Ne4 d5 24.Nf6+ Bxf6 25.Bxf6 Re2 26.Rxe2 Rxe2 27.Qg5 Kf7 28.f4 h6 29.Qh4 Qc6
30.Be5 d4 31.Qg4 h5 32.Qf3 Qxf3 33.gxf3 d3 34.f5  0-1

[Event "Aarhus-B"]
[Site "Aarhus"]
[Date "1986.??.??"]
[Round "5"]
[White "Rewitz, Poul"]
[Black "Sorensen, Henrik"]
[Result "0-1"]
[WhiteElo "2295"]
[BlackElo "2250"]

1.d4 Nf6 2.Bg5 Ne4 3.Bh4 c5 4.f3 g5 5.fxe4 gxh4 6.e3 Bh6 7.Kf2 Qb6 8.Nc3 Qxb2
9.Nd5 cxd4 10.exd4 Kd8 11.Bc4 Nc6 12.Ne2 e6 13.Rb1 Qa3 14.Ndc3 Bg7 15.Qd3 Bxd4+
16.Nxd4 Ne5 17.Qh3 Nxc4 18.Rhd1 Qe7 19.Kg1 Rg8 20.Kh1 Qg5 21.Rb5 Qg4 22.Qxg4 Rxg4
23.Rh5 Rg7 24.Rd3 Ke7 25.Rh3 b6 26.R5xh4 Bb7 27.Rxh7 Rxh7 28.Rxh7 Nd2 29.Rh4 Rc8
30.Nde2 Rc4 31.Kg1 Nxe4 32.Nxe4 Rxe4 33.Rxe4 Bxe4 34.c3 Kd6 35.Kf2 Kc5 36.g4 Bb1
37.h4 Bxa2 38.h5 Bb1 39.g5 Kd6 40.Ke3 Ke5  0-1

[Event "FRA-ch"]
[Site "Epinal"]
[Date "1986.??.??"]
[Round "5"]
[White "Giffard, Nicolas"]
[Black "Miralles, Gilles"]
[Result "1/2-1/2"]
[WhiteElo "2375"]
[BlackElo "2410"]

1.d4 Nf6 2.Bg5 Ne4 3.Bh4 c5 4.f3 g5 5.fxe4 gxh4 6.e3 Qb6 7.Nc3 e6 8.a3 d6
9.Nf3 Bd7 10.Rb1 Bh6 11.Qd3 Na6 12.Nd2 O-O 13.b4 cxb4 14.Nc4 Qd8 15.axb4 Qe7
16.b5 Nc7 17.e5 d5 18.Nd6 f6 19.Nd1 fxe5 20.dxe5 b6 21.Rb4 Ne8 22.Rg4+ Kh8
23.Qd4 Nxd6 24.exd6+ Qf6 25.Qxf6+ Rxf6 26.Rxh4 e5 27.Be2 Raf8 28.Rh5 Rxd6
29.Rxe5 d4 30.e4 Bg7 31.Rd5 Rxd5 32.exd5 Rd8 33.Kf2 Rf8+  1/2-1/2

[Event "FRA-ch"]
[Site "Epinal"]
[Date "1986.??.??"]
[Round "10"]
[White "Giffard, Nicolas"]
[Black "Renet, Jacques"]
[Result "1/2-1/2"]
[WhiteElo "2375"]
[BlackElo "2480"]

1.d4 Nf6 2.Bg5 Ne4 3.Bh4 c5 4.f3 Qa5+ 5.c3 Nf6 6.d5 d6 7.Na3 g6 8.e4 Bg7
9.Nc4 Qc7 10.a4 O-O 11.g4 Nbd7 12.Nh3 Ne5 13.Nf2 Nxc4 14.Bxc4 e6 15.O-O exd5
16.exd5 Nd7 17.Re1 Ne5 18.Bf1 f5 19.g5 Qb6 20.f4 Ng4 21.Qd2 Nxf2 22.Bxf2 Qc7
23.h4 Bd7 24.h5 Rae8 25.h6 Bh8 26.Bd3 Rxe1+ 27.Qxe1 Re8 28.Qd2 Qc8 29.Bc2 Re7
30.Re1 Rxe1+ 31.Qxe1 Qe8 32.Kf1 Kf8 33.Qxe8+ Kxe8 34.Ke2 Kd8 35.Kd2 Kc7  1/2-1/2

[Event "Hastings8687"]
[Site "Hastings"]
[Date "1986.??.??"]
[Round "?"]
[White "Hodgson, Julian M"]
[Black "Gufeld, Eduard"]
[Result "1-0"]
[WhiteElo "2500"]
[BlackElo "2480"]

1.d4 Nf6 2.Bg5 Ne4 3.h4 d5 4.Nd2 Nxg5 5.hxg5 Bf5 6.e3 e6 7.g4 Bg6 8.f4 c5
9.Ngf3 Nc6 10.c3 Qb6 11.Nh4 Qxb2 12.Nxg6 fxg6 13.Rb1 Qxc3 14.Rb3 Qa5 15.Rxb7 c4
16.Kf2 O-O-O 17.Rb1 Bb4 18.Nxc4 dxc4 19.Bxc4 Kc7 20.Bxe6 Rhe8 21.Qb3 Rd6
22.d5 Rexe6 23.dxe6 Rd2+ 24.Kg3 Qb5 25.Rhc1 a5 26.Qc4 Qxc4 27.Rxc4 Be7 28.Rh1 Kd6
29.Rxh7 Kd5 30.Rc1 Ba3 31.Rb1 Bb2 32.Rh2 Rxh2 33.Kxh2 Ba3 34.f5 gxf5 35.gxf5 Be7  1-0

[Event "London op"]
[Site "London"]
[Date "1986.??.??"]
[Round "?"]
[White "Depasquale, Chris"]
[Black "Kudrin, Sergey"]
[Result "1-0"]
[WhiteElo "2245"]
[BlackElo "2460"]

1.d4 Nf6 2.Bg5 Ne4 3.h4 d5 4.Nd2 Nxg5 5.hxg5 Bf5 6.e3 c5 7.g4 Bd7 8.g6 fxg6
9.Bd3 Qb6 10.dxc5 Qf6 11.Qf3 e5 12.Qxf6 gxf6 13.Bxg6+ Kd8 14.g5 Bg7 15.gxf6 Bxf6
16.Bh5 Na6 17.O-O-O Rc8 18.Nb3 Ke7 19.Bf3 e4 20.Be2 Be6 21.Bxa6 bxa6 22.Ne2 Bg4
23.Rd2 Bf3 24.Rh6 Rcg8 25.c3 Bg5 26.Rxa6 h5 27.Ng3 h4 28.Nf5+ Kf8 29.Rxa7 h3
30.Nbd4 Rh6 31.Ra8+ Kf7 32.Nxh6+ Bxh6 33.Ra7+ Kg6 34.Nxf3 exf3 35.Rxd5 Bxe3+
36.Kc2 Bf4 37.Ra6+ Kg7 38.Rd7+ Kh8 39.Raa7 Re8 40.Rh7+ Kg8 41.Rxh3 Re2+ 42.Kb3 Rxf2
43.c6  1-0

[Event "Oslo"]
[Site "Oslo"]
[Date "1986.??.??"]
[Round "?"]
[White "Bellon Lopez, Juan Manuel"]
[Black "Ostenstad, Berge"]
[Result "0-1"]
[WhiteElo "2430"]
[BlackElo "2370"]

1.d4 Nf6 2.Bg5 Ne4 3.Bh4 c5 4.f3 g5 5.fxe4 gxh4 6.e3 Qb6 7.Nc3 e6 8.Nf3 Nc6
9.Bb5 cxd4 10.exd4 Bg7 11.e5 a6 12.Bxc6 Qxc6 13.Qd3 d5 14.O-O f5 15.exf6 Bxf6
16.Rae1 Bd7 17.Ne5 Bxe5 18.Rxe5 O-O-O 19.Rh5 Be8 20.Rxh7 Rxh7 21.Qxh7 Qb6
22.Rd1 Kb8 23.Qxh4 Rc8 24.Qg3+ Ka7 25.b3 Qa5 26.Rd3 Qa3 27.Qg5 Qb2 28.Qd2 Bg6
29.Re3 Bxc2 30.h4 Qa1+ 31.Kh2 Bf5 32.h5 Bg4 33.h6 Qf1 34.Re5 Rh8 35.Qg5 Bf5
36.Re3 Qf2 37.Nd1 Qxa2 38.Rg3 Qa1 39.Nc3 Qa5 40.Qf6 Rh7 41.Nd1 Qc7 42.Ne3 Qf4
43.Ng4 a5 44.Qd8 b6 45.Qf6 Kb7 46.Qe5 Qxe5 47.Nxe5 Rxh6+ 48.Kg1 Rh4 49.Rg7+ Ka6
50.g4 Be4 51.Re7 Rh3 52.Rxe6 Rxb3 53.Nd7 a4 54.Re8 Rg3+ 55.Kf2 Rxg4 56.Rb8 Rg6
57.Ne5 Rg2+ 58.Ke1 Kb5 59.Nd7 a3 60.Rxb6+ Kc4  0-1

[Event "URS-ch sf"]
[Site "Sevastopol"]
[Date "1986.??.??"]
[Round "?"]
[White "Efimov, Igor"]
[Black "Kuzmin, Alexey"]
[Result "1-0"]
[WhiteElo "2435"]
[BlackElo "2355"]

1.d4 Nf6 2.Bg5 Ne4 3.Bf4 d5 4.e3 Bf5 5.f3 Nd6 6.g4 Bg6 7.Nc3 e6 8.Qd2 h5
9.g5 Nd7 10.O-O-O Nb6 11.Bd3 Bxd3 12.Qxd3 Qd7 13.b3 O-O-O 14.Nge2 Kb8 15.Kb1 Ndc8
16.Be5 Ne7 17.Nb5 Rc8 18.c4 Ng6 19.Bxc7+ Rxc7 20.Nxc7 Qxc7 21.c5 Nc8 22.f4 Nh4
23.b4 f6 24.e4 dxe4 25.Qxe4 Qc6 26.d5 exd5 27.Rxd5 fxg5 28.Nd4 Qg6 29.f5 Qf7
30.Ne6 a6 31.Rhd1 Be7 32.Rd7  1-0

[Event "BCF-ch"]
[Site "Southampton"]
[Date "1986.??.??"]
[Round "8"]
[White "Wicker, Kevin J"]
[Black "Lawson, David"]
[Result "1/2-1/2"]
[WhiteElo "2305"]
[BlackElo "2200"]

1.d4 Nf6 2.Bg5 Ne4 3.Bf4 c5 4.dxc5 Nc6 5.Nd2 Nxc5 6.Ngf3 d5 7.Nb3 Nxb3 8.axb3 Bf5
9.c3 e6 10.g3 Bd6 11.Be3 Be4 12.Bh3 h5 13.O-O h4 14.Ng5 hxg3 15.hxg3 Bc5
16.Bxc5 Qxg5 17.Bg2 O-O-O 18.Be3 Qh5 19.f3 d4 20.cxd4 e5 21.fxe4 Qh2+ 22.Kf2 Rh3
23.Rg1 Qxg3+ 24.Kf1 Qxe3 25.Qc1 Rxd4 26.Bxh3+ Qxh3+ 27.Rg2 Rxe4 28.Ra4 Qh1+
29.Rg1 Qh3+ 30.Rg2 Qh1+ 31.Rg1 Qh3+  1/2-1/2

[Event "BCF-ch"]
[Site "Southampton"]
[Date "1986.??.??"]
[Round "8"]
[White "Hodgson, Julian M"]
[Black "Smith, Alan A"]
[Result "1-0"]
[WhiteElo "2500"]
[BlackElo "2280"]

1.d4 Nf6 2.Bg5 Ne4 3.Bh4 c5 4.f3 Qa5+ 5.c3 Nf6 6.d5 Qb6 7.e4 d6 8.Nd2 Nbd7
9.Nc4 Qc7 10.a4 g6 11.Bd3 Bg7 12.f4 O-O 13.Nf3 e6 14.dxe6 fxe6 15.Ng5 Nb8
16.e5 dxe5 17.fxe5 Nd5 18.Nxh7 Kxh7 19.Qh5+ Kg8 20.Qxg6 Rf5 21.Bxf5 exf5
22.O-O-O Bd7 23.Rxd5 Nc6 24.Bf6 Be8 25.Qxg7+ Qxg7 26.Bxg7 Kxg7 27.Nd6  1-0

[Event "BCF-ch"]
[Site "Southampton"]
[Date "1986.??.??"]
[Round "10"]
[White "Hodgson, Julian M"]
[Black "Thipsay, Praveen Mahadeo"]
[Result "1-0"]
[WhiteElo "2500"]
[BlackElo "2375"]

1.d4 Nf6 2.Bg5 Ne4 3.Bh4 g5 4.f3 gxh4 5.fxe4 c5 6.e3 Qb6 7.Nc3 Qxb2 8.Nd5 Kd8
9.Rb1 Qa3 10.Qh5 cxd4 11.exd4 Nc6 12.Nf3 e6 13.Qxh4+ Ne7 14.Bd3 exd5 15.O-O dxe4
16.Ne5 Kc7 17.Nxf7 exd3 18.Rb3 Qa6 19.Nxh8  1-0

[Event "Tallinn (Women)"]
[Site "Tallinn"]
[Date "1986.??.??"]
[Round "1"]
[White "Alekhina, Natalia V"]
[Black "Csonkics, Tunde"]
[Result "0-1"]
[WhiteElo "2215"]
[BlackElo "2100"]

1.d4 Nf6 2.Bg5 Ne4 3.Bh4 c5 4.f3 Nf6 5.d5 Qb6 6.Bxf6 Qxf6 7.Nc3 g6 8.e4 Bg7
9.Bc4 Qb6 10.Rb1 O-O 11.Nge2 d6 12.O-O Nd7 13.f4 a6 14.Qd3 Qc7 15.a4 Rb8
16.Kh1 Nb6 17.b3 Bd7 18.f5 Be8 19.Rf4 Nd7 20.Ng1 Qa5 21.b4 cxb4 22.Na2 Ne5
23.Qe2 Qc5 24.Bb3 a5 25.Nf3 Nxf3 26.Rxf3 b5 27.Nc1 bxa4 28.Nd3 Qc7 29.Ba2 Bb5
30.Rbf1 Rbe8 31.R1f2 Bc4 32.Bb1 a3 33.Rh3 a2 34.Bxa2 Bxa2 35.Qg4 Bc3 36.g3 b3
37.Qh4 h6 38.e5 bxc2  0-1

[Event "Tallinn (Women)"]
[Site "Tallinn"]
[Date "1986.??.??"]
[Round "13"]
[White "Alekhina, Natalia V"]
[Black "Khadilkar, Rohini"]
[Result "1/2-1/2"]
[WhiteElo "2215"]
[BlackElo "2115"]

1.d4 Nf6 2.Bg5 Ne4 3.Bh4 g5 4.Qd3 d5 5.Bg3 c5 6.dxc5 Qa5+ 7.c3 Qxc5 8.Nd2 Bf5
9.Nb3 Qc4 10.O-O-O Qxd3 11.exd3 Nxg3 12.hxg3 Nc6 13.Nf3 Bg4 14.d4 e6 15.Be2 O-O-O
16.Rde1 Bxf3 17.Bxf3 Bg7 18.Rd1 h6 19.Nc5 Kb8 20.Bh5 Rhf8 21.Rhe1 b6 22.Nd3 Rc8
23.Kb1 Na5 24.Ne5 Rc7 25.Be2 Nc6 26.Nxc6+  1/2-1/2

[Event "Tallinn (Women)"]
[Site "Tallinn"]
[Date "1986.??.??"]
[Round "14"]
[White "Alekhina, Natalia V"]
[Black "Zainetdinova, Svetlana"]
[Result "1/2-1/2"]
[WhiteElo "2215"]
[BlackElo "2055"]

1.d4 Nf6 2.Bg5 Ne4 3.Bh4 c5 4.f3 g5 5.fxe4 gxh4 6.e3 Qb6 7.Nc3 e6 8.Qd2 Nc6
9.d5 Ne5 10.O-O-O c4 11.Nf3 Ng4 12.Re1 Bh6 13.Nd4 d6 14.Nd1 Qc5 15.Qc3 e5
16.Nf3 b5 17.Nxh4 Rg8 18.Kb1 Nf6 19.Nf2 Ng4 20.Nd1 Nf6 21.Nf2 Ng4  1/2-1/2

[Event "Tirnavia"]
[Site "Trnava"]
[Date "1986.??.??"]
[Round "10"]
[White "Meduna, Eduard"]
[Black "Schmidt, Wlodzimierz"]
[Result "1/2-1/2"]
[WhiteElo "2425"]
[BlackElo "2450"]

1.d4 Nf6 2.Bg5 Ne4 3.Bf4 d5 4.e3 c6 5.Bd3 Qb6 6.Qc1 Nd7 7.Ne2 g6 8.c4 Qa5+
9.Nbc3 Nxc3 10.Qxc3 Qxc3+ 11.bxc3 dxc4 12.Bxc4 Bg7 13.Rb1 O-O 14.O-O e5 15.Bg3 Re8
16.a4 Nb6 17.Bb3 Bf5 18.Rb2 Rad8 19.Rd1 Rd7 20.h3 Bf6 21.a5 Na8 22.Ba4 a6
23.Bxe5 Bxe5 24.dxe5 Rxd1+ 25.Bxd1 Bc8 26.f4 f6 27.exf6 Kf7 28.Kf2 Kxf6 29.Nd4 Nc7
30.Bg4 Nb5 31.Nxb5 cxb5 32.c4 bxc4 33.Rb6+ Kf7 34.Rb4 Bxg4 35.Rxb7+ Kg8 36.hxg4 Rc8
37.Ke2 Rc5 38.g5 c3 39.Kd1 Rxa5 40.Rc7 Ra2 41.Rxc3 Rxg2 42.Ra3 Kf7 43.Rxa6 Rh2
44.Rd6 h6 45.gxh6 Rxh6 46.Ke2 Rh3 47.Rc6 Rg3 48.Kd3 Rf3 49.Kd4 Kg7 50.Rc3 Kf6
51.Kd5 Rh3 52.Rc6+ Kf5 53.Kd4 Rh1 54.Rc5+ Kf6 55.Ke4 Rh3 56.Rc6+ Kf7 57.Rb6 Rg3
58.Kd4 Rf3 59.Ra6 Kg7 60.Re6 Kf7 61.Kd5 Kg7 62.Kd6 Kf7 63.Kd7 Rh3 64.Re7+ Kf8
65.Re6 Kf7 66.e4 Rf3 67.e5 Rxf4 68.Rd6 Re4 69.e6+ Kf6 70.Rd1 g5 71.Rf1+ Kg6
72.e7 g4 73.Rf4 Rxe7+ 74.Kxe7 Kg5 75.Rf8 g3 76.Ke6 Kg4 77.Ke5 g2 78.Ke4 Kg3
79.Rf3+ Kh2 80.Rf2 Kg3 81.Rf3+ Kh2 82.Rf2  1/2-1/2

[Event "Aarhus-D"]
[Site "Aarhus"]
[Date "1987.??.??"]
[Round "5"]
[White "Rewitz, Poul"]
[Black "Ochsner, Thomas"]
[Result "1/2-1/2"]
[WhiteElo "2250"]
[BlackElo "2265"]

1.d4 Nf6 2.Bg5 Ne4 3.Bh4 c5 4.f3 g5 5.fxe4 gxh4 6.e3 Bh6 7.Kf2 cxd4 8.exd4 Qb6
9.Nc3 e6 10.Nf3 Nc6 11.Bb5 d6 12.Re1 O-O 13.Bxc6 bxc6 14.e5 dxe5 15.Rxe5 Bg7
16.Na4 Qc7 17.Rh5 Rd8 18.Qd3 Bxd4+ 19.Nxd4 Qf4+ 20.Kg1 Qxd4+ 21.Qxd4 Rxd4
22.Nc5 Rd5 23.Rxd5 cxd5 24.Rd1 Rb8 25.b3 Rb5 26.Ne4 Kg7 27.Nd6 Rc5 28.Nxc8 Rxc8
29.Rd2 Kf6 30.Kf2 Ke5 31.Ke1 d4 32.Rf2 f5 33.Kd2 Rc3 34.Re2+ Kd5 35.Rf2 h3
36.g3 Re3 37.c4+ Kc5 38.Rf4 Re4 39.Kd3 Re1 40.Rxd4 Rd1+ 41.Kc3 Rc1+  1/2-1/2

[Event "Aarhus-C"]
[Site "Aarhus"]
[Date "1987.??.??"]
[Round "6"]
[White "Rewitz, Poul"]
[Black "Hoiberg, Nina"]
[Result "1-0"]
[WhiteElo "2250"]
[BlackElo "2280"]

1.d4 Nf6 2.Bg5 Ne4 3.Bh4 d5 4.f3 Nd6 5.Nc3 c5 6.dxc5 Nf5 7.Qxd5 Nxh4 8.O-O-O Qxd5
9.Nxd5 Na6 10.e4 e6 11.Bb5+ Bd7 12.Bxa6 bxa6 13.Nc7+ Kd8 14.Nxa8 Bxc5 15.Rd3 Ke7
16.Nc7 Bb6 17.g3 Ng6 18.Rxd7+ Kxd7 19.Nxa6 Rc8 20.Ne2 Rc4 21.Rd1+ Ke7 22.b3 Rc8
23.f4 Rd8 24.Rxd8 Kxd8 25.c3 h5 26.Kd2 h4 27.Nb4 h3 28.Nc6+ Kd7 29.Ncd4 e5
30.Nf3  1-0